000
00292nam a22001337a 4500
008
170615b xxu||||| |||| 00| 0 eng d
020
_a
9780673393555
041
_a
eng
080
_a
94(7/8)
100
_a
19
101
_a
SHH
245
_a
AMERICAN GENESIS
_c
VAUGHAM.A.T
942
_2
udc
_c
BK
999
_c
17634
_d
17634